00558nam a2200145 a 450000100100000000500170001000800410002704000250006810000340009324500420012726000920016930000290026195201050029099900170039500004499320201002045806.0150128s1987 000 spa d aDO-SdBNPbspacBNPHU1 aSiri Nuñez , Domingo973006 3aLa Cigua Palmera :. :bdecreto 31-87. aSanto Domingo, República Dominicana, :bSecretaría de Estado de Agricultura,c1987. a16 p. :bil. : ;c22 cm. 001050718MOaPDbPDcHDd2015-01-28iLF1l0o p44993-10r2020-06-25w2020-06-25y1ZNo se presta c44482d44482